The Historicity of David’s Imperial Conquests
This article presents an argument for the general reliability of the historical claims made in 2 Samuel–1 Kings for the expansion of the United Monarchy and its great wealth during the reigns of David and Solomon. It concludes with a brief discussion of why this historicity matters theologically.
| Main Author: | |
|---|---|
| Format: | Electronic Article |
| Language: | English |
| Check availability: | HBZ Gateway |
| Interlibrary Loan: | Interlibrary Loan for the Fachinformationsdienste (Specialized Information Services in Germany) |
| Published: |
2013
|
| In: |
Theology today
Year: 2013, Volume: 70, Issue: 2, Pages: 109-118 |
| Further subjects: | B
Theology
B Historicity B Writing B minimalist B Zion tradition B booty B ideals of conquest B transit tax B Wealth B maximalist |
| Online Access: |
Volltext (lizenzpflichtig) |
MARC
| LEADER | 00000caa a22000002c 4500 | ||
|---|---|---|---|
| 001 | 1784236381 | ||
| 003 | DE-627 | ||
| 005 | 20250324042007.0 | ||
| 007 | cr uuu---uuuuu | ||
| 008 | 211230s2013 xx |||||o 00| ||eng c | ||
| 024 | 7 | |a 10.1177/0040573613484754 |2 doi | |
| 035 | |a (DE-627)1784236381 | ||
| 035 | |a (DE-599)KXP1784236381 | ||
| 040 | |a DE-627 |b ger |c DE-627 |e rda | ||
| 041 | |a eng | ||
| 084 | |a 1 |2 ssgn | ||
| 100 | 1 | |8 1\p |e VerfasserIn |0 (DE-588)129842222 |0 (DE-627)481950125 |0 (DE-576)216698642 |4 aut |a Roberts, Jimmy J. M. |d 1939- | |
| 109 | |a Roberts, Jimmy J. M. 1939- |a Roberts, J. J. M. 1939- |a Roberts, Jimmy Jack McBee 1939- |a Roberts, Jimmy J. 1939- |a McBee Roberts, Jimmy Jack 1939- |a MacBee Roberts, Jimmy Jack 1939- | ||
| 245 | 1 | 4 | |a The Historicity of David’s Imperial Conquests |
| 264 | 1 | |c 2013 | |
| 336 | |a Text |b txt |2 rdacontent | ||
| 337 | |a Computermedien |b c |2 rdamedia | ||
| 338 | |a Online-Ressource |b cr |2 rdacarrier | ||
| 520 | |a This article presents an argument for the general reliability of the historical claims made in 2 Samuel–1 Kings for the expansion of the United Monarchy and its great wealth during the reigns of David and Solomon. It concludes with a brief discussion of why this historicity matters theologically. | ||
| 650 | 4 | |a ideals of conquest | |
| 650 | 4 | |a transit tax | |
| 650 | 4 | |a booty | |
| 650 | 4 | |a Wealth | |
| 650 | 4 | |a Zion tradition | |
| 650 | 4 | |a maximalist | |
| 650 | 4 | |a minimalist | |
| 650 | 4 | |a Writing | |
| 650 | 4 | |a Theology | |
| 650 | 4 | |a Historicity | |
| 773 | 0 | 8 | |i Enthalten in |t Theology today |d London [u.a.] : Sage Publ., 1944 |g 70(2013), 2, Seite 109-118 |h Online-Ressource |w (DE-627)341343897 |w (DE-600)2067097-7 |w (DE-576)325341001 |x 2044-2556 |7 nnas |
| 773 | 1 | 8 | |g volume:70 |g year:2013 |g number:2 |g pages:109-118 |
| 856 | 4 | 0 | |u https://doi.org/10.1177/0040573613484754 |x Resolving-System |z lizenzpflichtig |3 Volltext |7 1 |
| 883 | |8 1\p |a cgwrk |d 20250301 |q DE-101 |u https://d-nb.info/provenance/plan#cgwrk | ||
| 935 | |a mteo | ||
| 951 | |a AR | ||
| ELC | |a 1 | ||
| ITA | |a 1 |t 1 | ||
| LOK | |0 000 xxxxxcx a22 zn 4500 | ||
| LOK | |0 001 4027979451 | ||
| LOK | |0 003 DE-627 | ||
| LOK | |0 004 1784236381 | ||
| LOK | |0 005 20211230043948 | ||
| LOK | |0 008 211230||||||||||||||||ger||||||| | ||
| LOK | |0 035 |a (DE-Tue135)IxTheo#2021-12-20#F1F0234198DAD9D1ED1D5269AEBD04FFB7A54754 | ||
| LOK | |0 040 |a DE-Tue135 |c DE-627 |d DE-Tue135 | ||
| LOK | |0 092 |o n | ||
| LOK | |0 852 |a DE-Tue135 | ||
| LOK | |0 852 1 |9 00 | ||
| LOK | |0 935 |a ixzs |a ixrk |a zota | ||
| LOK | |0 939 |a 30-12-21 |b l01 | ||
| ORI | |a SA-MARC-ixtheoa001.raw | ||